[Event "Interclubs Adultes"]
[Site "?"]
[Date "2003.10.12"]
[Round "1.1"]
[White "Martin, Luc"]
[Black "Gabriel, Damien"]
[Result "0-1"]
[WhiteElo "2150"]
[BlackElo "2089"]
[PlyCount "72"]
[EventDate "2003.??.??"]

1. e4 e5 2. Nf3 Nc6 3. d4 exd4 4. Nxd4 Nf6 5. Nxc6 bxc6 6. Bg5 h6 7. Bh4 g5 8.
e5 gxh4 9. exf6 Qxf6 10. Qe2+ Kd8 11. Nc3 Bb4 12. O-O-O Bxc3 13. bxc3 Qxc3 14.
Qe4 Qa1+ 15. Kd2 Qf6 16. Re1 d5 17. Qe3 Rg8 18. g3 a5 19. Qe5 Qxe5 20. Rxe5 Rg5
21. Re3 Rf5 22. f4 hxg3 23. hxg3 Rf6 24. Bd3 Rb8 25. Re5 Rb2 26. Kc3 Rb4 27.
Reh5 d4+ 28. Kd2 Ra4 29. Rxh6 Rxh6 30. Rxh6 Bd7 31. Be4 Rxa2 32. Rh5 Ke7 33.
Kd3 a4 34. Kxd4 Ra1 35. Ra5 Rg1 36. Rxa4 c5+ 0-1

[Event "Interclubs Adultes"]
[Site "?"]
[Date "2003.10.12"]
[Round "1.2"]
[White "Mercier, Jean-Yves"]
[Black "Belin, Lionel"]
[Result "0-1"]
[WhiteElo "1780"]
[BlackElo "2190"]
[PlyCount "30"]
[EventDate "2003.??.??"]

1. d4 f5 2. Bg5 Nf6 3. e3 e6 4. Be2 Be7 5. g4 Ne4 6. Bxe7 Qxe7 7. Nd2 Qh4 8.
Nxe4 fxe4 9. Bf1 O-O 10. Nh3 Rf3 11. d5 Rxe3+ 12. Kd2 Rxh3 13. Bxh3 Qxh3 14.
dxe6 Qh6+ 15. Ke1 Qxe6 0-1

[Event "Interclubs Adultes"]
[Site "?"]
[Date "2003.10.12"]
[Round "1.3"]
[White "Kiecken, Jean-Marc"]
[Black "Chapus, Norbert"]
[Result "1/2-1/2"]
[WhiteElo "2030"]
[BlackElo "1780"]
[PlyCount "108"]
[EventDate "2003.??.??"]

1. f4 Nf6 2. Nf3 e6 3. e3 Be7 4. b3 d5 5. Bb2 c5 6. Bb5+ Bd7 7. Bd3 Nc6 8. O-O
O-O 9. Ng5 h6 10. Nf3 a6 11. Na3 b5 12. c4 b4 13. Nc2 Na5 14. Ne5 dxc4 15. Bxc4
Nxc4 16. Nxc4 Bb5 17. d3 Nd7 18. e4 Nb6 19. Qg4 Bf6 20. e5 Be7 21. Rad1 Nd5 22.
a4 Bd7 23. d4 f5 24. Qh3 Qc7 25. Kh1 Bc6 26. dxc5 Bxc5 27. Nd4 Bd7 28. Rc1 Qa7
29. Qd3 Rac8 30. Rf3 Qb8 31. Ne2 Rfd8 32. Bd4 Be7 33. h3 Bc6 34. Rff1 Qa8 35.
Qg3 Be8 36. Bb6 Rxc4 37. Bxd8 Rxc1 38. Rxc1 Qxd8 39. Qd3 Qb6 40. Rc8 Kf7 41.
Kh2 Qf2 42. Qf3 Qxf3 43. gxf3 Ne3 44. Ra8 Nf1+ 45. Kg2 Nd2 46. Nc1 Nxf3 47.
Rxa6 Nd4 48. Ra7 Bc6+ 49. Kf2 Kf8 50. Kg3 h5 51. a5 h4+ 52. Kh2 Nf3+ 53. Kg2
Nd2+ 54. Kh2 Nf3+ 1/2-1/2

[Event "Interclubs Adultes"]
[Site "?"]
[Date "2003.10.12"]
[Round "1.4"]
[White "Tourette, Yvan"]
[Black "Bazzazi, Abdelaziz"]
[Result "1-0"]
[WhiteElo "1770"]
[BlackElo "1951"]
[PlyCount "75"]
[EventDate "2003.??.??"]

1. d4 Nf6 2. Nc3 e6 3. e4 Bb4 4. e5 Ne4 5. Qg4 Nxc3 6. Qxg7 Rf8 7. a3 Qh4 8.
axb4 Qxd4 9. Bh6 Qxb4 10. Qxf8+ Qxf8 11. Bxf8 Kxf8 12. bxc3 Nc6 13. Nf3 d6 14.
exd6 cxd6 15. Bb5 Ne7 16. Kd2 a6 17. Bd3 f5 18. Rhb1 e5 19. Nh4 e4 20. Be2 Nc6
21. Ke3 Ra7 22. Rb6 Ke7 23. Kf4 Kf6 24. Rd1 a5 25. Rxd6+ Ke7 26. Rd1 Kf6 27.
Bb5 Be6 28. Bxc6 bxc6 29. Rxc6 a4 30. Rdd6 Re7 31. Ra6 a3 32. Rxa3 e3 33. fxe3
Rc7 34. Nxf5 Kf7 35. Nd4 Bc4 36. Rc6 Rxc6 37. Nxc6 h5 38. Ne5+ 1-0

[Event "Interclubs Adultes"]
[Site "?"]
[Date "2003.10.12"]
[Round "1.5"]
[White "Rodriguez, Jean-Pierre"]
[Black "Cruzille, Jean"]
[Result "1-0"]
[WhiteElo "1941"]
[BlackElo "1650"]
[PlyCount "119"]
[EventDate "2003.??.??"]

1. Nf3 d5 2. d4 e6 3. e3 Nf6 4. Nbd2 Nc6 5. c3 Bd6 6. Bd3 e5 7. dxe5 Nxe5 8.
Nxe5 Bxe5 9. O-O O-O 10. Nf3 Bd6 11. b3 Bg4 12. h3 Bh5 13. Bb2 c6 14. c4 dxc4
15. Bxc4 Be7 16. g4 Bg6 17. Ne5 Be4 18. Qc1 Bd5 19. Rd1 Qc8 20. Be2 Be6 21. Bf3
Rd8 22. Qc3 Qc7 23. Rd3 Rxd3 24. Nxd3 Bf8 25. Nf4 Bd7 26. Rd1 Rd8 27. g5 Ne8
28. h4 Bf5 29. Rd4 Rxd4 30. Qxd4 Qb6 31. e4 Bc5 32. Qd2 Bc8 33. Nd3 Bd4 34. Bc1
Qc7 35. Ba3 c5 36. Qc2 b6 37. Nb4 Qf4 38. Nc6 Kf8 39. Nxd4 Qxh4 40. Qd2 Kg8 41.
Nc6 Bb7 42. Ne7+ Kf8 43. Nf5 Qh3 44. Bg2 Qg4 45. f3 Qh5 46. Bc1 Qg6 47. Qd7 Bc6
48. Qe7+ Kg8 49. Qxe8+ Bxe8 50. Ne7+ Kf8 51. Nxg6+ hxg6 52. Bf1 Ke7 53. Be3 f6
54. Bc4 Bc6 55. Kf2 Bb7 56. Ke2 a6 57. a4 a5 58. Bf4 Bc8 59. gxf6+ gxf6 60. Bc7
1-0

[Event "Interclubs Adultes"]
[Site "?"]
[Date "2003.10.12"]
[Round "1.6"]
[White "Demars, Laurent"]
[Black "Paris, Thierry"]
[Result "0-1"]
[WhiteElo "1600"]
[BlackElo "1810"]
[PlyCount "96"]
[EventDate "2003.??.??"]

1. f4 d5 2. Nf3 Nf6 3. e3 c5 4. b3 g6 5. Bb2 Bg7 6. Nc3 O-O 7. Be2 Nc6 8. O-O
b6 9. Bb5 Bb7 10. Ne2 a6 11. Bxc6 Bxc6 12. Ne5 Bb7 13. Qe1 Ng4 14. Qg3 Nxe5 15.
Bxe5 d4 16. Bxg7 Kxg7 17. d3 dxe3 18. Qxe3 Qd5 19. Rf2 e6 20. Nc3 Qd4 21. Qxd4+
cxd4 22. Ne4 Rfd8 23. g4 Rac8 24. Ng3 Rc5 25. Raf1 Rdc8 26. Rc1 f5 27. g5 a5
28. h4 Ba6 29. Rd2 b5 30. Ne2 Rd8 31. Kf2 Kf7 32. Ng1 Bb7 33. Re2 Bd5 34. Nf3
Bxf3 35. Kxf3 Rdc8 36. Kf2 Rc3 37. Ke1 Rxd3 38. Rd2 Re3+ 39. Kf2 Re4 40. Kg3
Ke7 41. Rcd1 Rc3+ 42. Kg2 Rxf4 43. Rxd4 Rxc2+ 44. Kg3 Rxd4 45. Rxd4 Rxa2 46.
Kf4 Rb2 47. Ke5 Rxb3 48. Rd6 Re3+ 0-1

[Event "Interclubs Adultes"]
[Site "?"]
[Date "2003.10.12"]
[Round "1.7"]
[White "Dridi, Abdessalem"]
[Black "Tourette, Remi"]
[Result "1-0"]
[WhiteElo "1700"]
[BlackElo "1570"]
[PlyCount "65"]
[EventDate "2003.??.??"]

1. d4 e6 2. Nf3 Nf6 3. c4 c5 4. Nc3 d5 5. e3 Nc6 6. cxd5 Nxd5 7. Bb5 Be7 8. Bd2
O-O 9. O-O cxd4 10. exd4 Qd6 11. Ne4 Qc7 12. Rc1 Qb6 13. Bxc6 bxc6 14. Qc2 f5
15. Ng3 Bb7 16. Rfe1 Rf6 17. a3 Qd8 18. Nh5 Rg6 19. Ne5 Qe8 20. Nxg6 Qxg6 21.
Nf4 Nxf4 22. Bxf4 c5 23. Bg3 Be4 24. Rxe4 fxe4 25. dxc5 Rc8 26. b4 Qg5 27. Re1
Qd5 28. Qxe4 Qxe4 29. Rxe4 Rc6 30. Be5 Bd8 31. Rd4 Bb6 32. Rd7 Bxc5 33. bxc5
1-0

[Event "Interclubs Adultes"]
[Site "?"]
[Date "2003.10.12"]
[Round "1.8"]
[White "Martin, Denis"]
[Black "Molina, David"]
[Result "1/2-1/2"]
[WhiteElo "1499"]
[BlackElo "1650"]
[PlyCount "146"]
[EventDate "2003.??.??"]

1. e4 e6 2. d4 d5 3. Nc3 dxe4 4. Nxe4 Nd7 5. Nf3 Ngf6 6. Nxf6+ Nxf6 7. Bb5+ c6
8. Bd3 Be7 9. O-O O-O 10. c3 c5 11. Qc2 cxd4 12. Nxd4 Bd7 13. Bg5 g6 14. Bh6
Re8 15. Nf3 Nh5 16. Rad1 Qc7 17. Rfe1 Bf6 18. g4 Ng7 19. h4 Bc6 20. Be4 Rad8
21. g5 Be7 22. Bxg7 Kxg7 23. h5 gxh5 24. Bxc6 bxc6 25. Kg2 Rxd1 26. Rxd1 Rd8
27. Rh1 Qf4 28. Rh4 Qf5 29. Qxf5 exf5 30. Rxh5 c5 31. Rh4 Rd6 32. Rh1 Rg6 33.
Re1 Bxg5 34. Nxg5 Rxg5+ 35. Kf3 h5 36. b4 cxb4 37. cxb4 Rg4 38. Rb1 h4 39. a4
h3 40. b5 Rxa4 41. Kg3 Ra3+ 42. f3 f6 43. Rh1 Ra5 44. Kxh3 Rxb5 45. Rc1 a5 46.
Rc7+ Kg6 47. Ra7 Kg5 48. Kg3 f4+ 49. Kg2 Rb2+ 50. Kf1 Ra2 51. Rg7+ Kf5 52. Ra7
Ke5 53. Re7+ Kf5 54. Ra7 Ra3 55. Kf2 Ra2+ 56. Kf1 Ke6 57. Ra6+ Ke5 58. Ra7 f5
59. Re7+ Kd4 60. Ke1 a4 61. Rf7 Ke3 62. Kd1 a3 63. Rxf5 Kxf3 64. Kc1 Rg2 65.
Kb1 a2+ 66. Ka1 Ke4 67. Rxf4+ Kd3 68. Rd4+ Kc2 69. Rc4+ Kd1 70. Rc1+ Kd2 71.
Rd1+ Kc2 72. Rc1+ Kd3 73. Rc3+ Kxc3 1/2-1/2

[Event "Interclubs Adultes"]
[Site "?"]
[Date "2003.10.12"]
[Round "1.1"]
[White "Billiard, Bernard"]
[Black "Deville, Olivier"]
[Result "1-0"]
[WhiteElo "2150"]
[BlackElo "2040"]
[PlyCount "49"]
[EventDate "2003.??.??"]

1. e4 c5 2. Nf3 e6 3. d4 cxd4 4. Nxd4 Nc6 5. Nxc6 bxc6 6. Bd3 Nf6 7. O-O d5 8.
e5 Nd7 9. Re1 Qb6 10. Qg4 Qb4 11. Qe2 Nc5 12. c3 Qb8 13. Bc2 Ba6 14. Qf3 Nd7
15. Qg3 h5 16. b3 c5 17. Bg5 Qc7 18. f4 g6 19. Qh3 Rg8 20. Nd2 Nb6 21. a4 Be7
22. a5 Nc8 23. Nf3 Bxg5 24. Nxg5 Qd7 25. Nh7 1-0

[Event "Interclubs Adultes"]
[Site "?"]
[Date "2003.10.12"]
[Round "1.2"]
[White "Graillon, David"]
[Black "Vuiton, Stephane"]
[Result "0-1"]
[WhiteElo "1992"]
[BlackElo "2082"]
[PlyCount "36"]
[EventDate "2003.??.??"]

1. e4 g6 2. d4 c6 3. Nc3 d6 4. Nge2 Bg7 5. g3 f5 6. Bg2 Nf6 7. O-O O-O 8. a4
Na6 9. Nf4 e5 10. dxe5 dxe5 11. Nd3 Qe7 12. Qe2 Nd7 13. Be3 Ndc5 14. Nxc5 Nxc5
15. Bxc5 Qxc5 16. Rad1 Be6 17. Rfe1 f4 18. Rd2 Bh6 0-1

[Event "Interclubs Adultes"]
[Site "?"]
[Date "2003.10.12"]
[Round "1.3"]
[White "Kizilian, Emmanuel"]
[Black "Valet, Godeffroy"]
[Result "1-0"]
[WhiteElo "1830"]
[BlackElo "1840"]
[PlyCount "99"]
[EventDate "2003.??.??"]

1. e4 e6 2. d4 d5 3. Nd2 c5 4. c3 c4 5. e5 Ne7 6. f4 Nf5 7. Qf3 Nd7 8. g3 b5 9.
b3 Rb8 10. Rb1 Bb7 11. Nh3 b4 12. Bb2 Nb6 13. Be2 a6 14. O-O h6 15. Qf2 g5 16.
g4 Nh4 17. fxg5 Qc7 18. Qxh4 cxb3 19. Nxb3 bxc3 20. Rbc1 Na4 21. Ba1 Be7 22.
Qh5 Kd7 23. gxh6 Rbf8 24. g5 f6 25. gxf6 Bb4 26. Nf4 c2 27. Bg4 Re8 28. Qf7+
Kc8 29. Qxc7+ Kxc7 30. Rxc2+ Kb8 31. Bxe6 Nb6 32. Nc5 Nc4 33. Rf3 Nd2 34. Rd3
Bxc5 35. Rxc5 Ne4 36. Rc2 Rxh6 37. Rb3 Rh4 38. Ng2 Rhh8 39. Bxd5 Nd6 40. exd6
Rh7 41. f7 Rxf7 42. Bxf7 Ka8 43. Bxe8 a5 44. d7 a4 45. d8=Q+ Ka7 46. Rxb7+ Kxb7
47. d5 a3 48. Bc6+ Ka7 49. Bd4+ Ka6 50. Qa8# 1-0

[Event "Interclubs Adultes"]
[Site "?"]
[Date "2003.10.12"]
[Round "1.4"]
[White "Bron, Philippe"]
[Black "Mantoux, Pascal"]
[Result "1-0"]
[WhiteElo "1750"]
[BlackElo "1760"]
[PlyCount "59"]
[EventDate "2003.??.??"]

1. Nf3 Nf6 2. c4 c5 3. Nc3 Nc6 4. d4 cxd4 5. Nxd4 g6 6. g3 Bg7 7. Bg2 O-O 8.
O-O a6 9. c5 Ne8 10. Nxc6 bxc6 11. Bxc6 Ra7 12. Bg2 Bxc3 13. bxc3 Ng7 14. Bh6
Re8 15. Bxg7 Kxg7 16. Qd4+ Kg8 17. c6 Qc7 18. Rfd1 d6 19. Rab1 Be6 20. c4 Rb8
21. Rb3 Rxb3 22. axb3 Qb8 23. Ra1 Ra8 24. c7 Qc8 25. Qb6 d5 26. cxd5 Bh3 27.
Bxh3 Qxh3 28. Rxa6 Rf8 29. Qb8 Qc8 30. Ra8 1-0

[Event "Interclubs Adultes"]
[Site "?"]
[Date "2003.10.12"]
[Round "1.5"]
[White "Davard, Christophe"]
[Black "Chabas, Jean-Luc"]
[Result "1/2-1/2"]
[WhiteElo "1690"]
[BlackElo "1610"]
[PlyCount "50"]
[EventDate "2003.??.??"]

1. d4 d5 2. Nf3 Nf6 3. Bf4 e6 4. c3 Be7 5. e3 O-O 6. Bd3 Nbd7 7. Nbd2 c5 8. Ng5
c4 9. Bc2 b5 10. a3 Bb7 11. h4 Qb6 12. Be5 h6 13. Rh3 a5 14. Rb1 Bc6 15. b4
axb4 16. axb4 Ra3 17. Ngf3 Rxc3 18. Qc1 Rxc2 19. Qxc2 Ra8 20. Ke2 Ra4 21. Qc3
Qa7 22. Rhh1 Ra3 23. Qc1 Ra4 24. Qc3 Ra3 25. Qc1 Ra4 1/2-1/2

[Event "Interclubs Adultes"]
[Site "?"]
[Date "2003.10.12"]
[Round "1.6"]
[White "Mialon, Franck"]
[Black "Berthelot, Pascal"]
[Result "0-1"]
[WhiteElo "1300"]
[BlackElo "1660"]
[PlyCount "40"]
[EventDate "2003.??.??"]

1. e4 e5 2. Nf3 d6 3. d4 exd4 4. Nxd4 Nf6 5. Bg5 Be7 6. Nc3 Nxe4 7. Bxe7 Qxe7
8. Be2 Nxc3 9. bxc3 O-O 10. O-O Nd7 11. Nf5 Qf6 12. Bd3 Ne5 13. g4 Nxd3 14.
Qxd3 Bxf5 15. gxf5 Rfe8 16. Kh1 Re5 17. Rg1 Rae8 18. Rxg7+ Kxg7 19. Rg1+ Kf8
20. Qg3 Qxf5 0-1

[Event "Interclubs Adultes"]
[Site "?"]
[Date "2003.10.12"]
[Round "1.7"]
[White "Mosticone, David"]
[Black "Desassis, Gregoire"]
[Result "1-0"]
[WhiteElo "1630"]
[BlackElo "1260"]
[PlyCount "103"]
[EventDate "2003.??.??"]

1. c4 e5 2. Nc3 Nf6 3. g3 Bc5 4. Bg2 O-O 5. Nf3 Nc6 6. O-O d6 7. d3 a6 8. a3 b5
9. cxb5 axb5 10. Nxb5 d5 11. Qc2 Nd7 12. Bd2 Ba6 13. Nc3 e4 14. dxe4 dxe4 15.
Qxe4 Qf6 16. Bg5 Qe6 17. Qxe6 fxe6 18. Rad1 Nde5 19. b4 Nxf3+ 20. Bxf3 Bd4 21.
Bxc6 Bxc3 22. b5 Bxb5 23. Bxb5 Rxa3 24. Be7 Ra1 25. Rxa1 Bxa1 26. Rxa1 Rb8 27.
Bc4 Kf7 28. Bc5 Kf6 29. f3 g5 30. h3 e5 31. Kf2 h5 32. Ra6+ Kf5 33. Bd3+ e4 34.
Bxe4+ Ke5 35. Rg6 h4 36. g4 Rd8 37. Rxg5+ Kf6 38. Rh5 Rd1 39. Rxh4 Rh1 40. Kg2
Re1 41. Bd3 Rc1 42. Bd4+ Ke6 43. Rh5 Rc6 44. Rh6+ Kd7 45. Bf5+ Ke7 46. Rxc6 Kd8
47. g5 Ke7 48. g6 Kf8 49. Rxc7 Ke8 50. g7 Kd8 51. Ra7 Ke8 52. g8=Q# 1-0

[Event "Interclubs Adultes"]
[Site "?"]
[Date "2003.10.12"]
[Round "1.8"]
[White "Desassis, Maxence"]
[Black "Robinet, Olivier"]
[Result "0-1"]
[WhiteElo "1290"]
[BlackElo "1590"]
[PlyCount "47"]
[EventDate "2003.??.??"]

1. e4 d6 2. d4 Nf6 3. Nc3 g6 4. Bf4 Bg7 5. Bb5+ c6 6. Bc4 b5 7. Bd3 Qb6 8. Be3
Ng4 9. Qe2 Bxd4 10. Bxd4 Qxd4 11. Nf3 Qc5 12. O-O Nd7 13. a4 b4 14. Nd5 cxd5
15. exd5 O-O 16. Qxe7 Nde5 17. Nxe5 Nxe5 18. Rae1 Nxd3 19. cxd3 Qxd5 20. Re3
Bb7 21. f3 Qd4 22. Qxb7 Qxe3+ 23. Kh1 Qxd3 24. Qxb4 0-1

[Event "Interclubs Adultes"]
[Site "?"]
[Date "2003.10.12"]
[Round "1.1"]
[White "Nodon, Jeremi"]
[Black "Guedon, Stephane"]
[Result "0-1"]
[WhiteElo "2000"]
[BlackElo "2209"]
[PlyCount "52"]
[EventDate "2003.??.??"]

1. d4 Nf6 2. c4 e6 3. Nf3 b6 4. a3 Bb7 5. Nc3 g6 6. d5 Bg7 7. d6 Na6 8. Bf4 O-O
9. dxc7 Nxc7 10. Bd6 Re8 11. g3 Rc8 12. Bxc7 Qxc7 13. Nb5 Qc5 14. Bg2 Ne4 15.
O-O a6 16. Nd2 Nxg3 17. Bxb7 Nxf1 18. Ne4 Qh5 19. Ned6 Qxh2+ 20. Kxf1 axb5 21.
Nxe8 Rxe8 22. Qxd7 Rb8 23. cxb5 Bxb2 24. Ra2 Qh3+ 25. Bg2 Qb3 26. Qc7 Qd1# 0-1

[Event "Interclubs Adultes"]
[Site "?"]
[Date "2003.10.12"]
[Round "1.2"]
[White "Sellami, Mohamed"]
[Black "Tomanov, Metodi"]
[Result "1-0"]
[WhiteElo "2120"]
[BlackElo "1939"]
[PlyCount "70"]
[EventDate "2003.??.??"]

1. e4 e5 2. Nf3 Nc6 3. Bb5 a6 4. Ba4 b5 5. Bb3 Nf6 6. O-O Be7 7. Re1 d6 8. c3
O-O 9. h3 Nb8 10. d4 Nbd7 11. Nbd2 Bb7 12. Bc2 Re8 13. Nf1 Bf8 14. Ng3 g6 15.
a4 exd4 16. cxd4 bxa4 17. Rxa4 Bg7 18. Bg5 Nb6 19. Ra2 Qd7 20. Qd2 Re7 21. Qf4
Qc6 22. b3 Nbd7 23. Qh4 Rae8 24. Re3 Qb6 25. Bb1 Re6 26. Rae2 a5 27. Bc2 Ba6
28. Re1 c6 29. Bf4 Qc7 30. e5 Nd5 31. Ng5 Nxf4 32. Qxf4 Nf8 33. Nxe6 Nxe6 34.
Qh4 d5 35. Ne2 Qa7 1-0

[Event "Interclubs Adultes"]
[Site "?"]
[Date "2003.10.12"]
[Round "1.3"]
[White "Uzel, Laurent"]
[Black "Lux, Gregory"]
[Result "0-1"]
[WhiteElo "1750"]
[BlackElo "2064"]
[PlyCount "68"]
[EventDate "2003.??.??"]

1. d4 Nf6 2. c4 c5 3. d5 e6 4. dxe6 fxe6 5. Nc3 d5 6. cxd5 exd5 7. Bg5 d4 8.
Bxf6 Qxf6 9. Ne4 Qg6 10. Nd2 Bd6 11. Ngf3 O-O 12. g3 Nc6 13. Bg2 d3 14. O-O
dxe2 15. Qxe2 Re8 16. Qc4+ Be6 17. Qc3 Be7 18. Ne5 Nxe5 19. Qxe5 Rad8 20. Nf3
b6 21. Qf4 Qf6 22. Qc1 Bd5 23. Nh4 Bf7 24. b3 Bh5 25. Qc4+ Kh8 26. f4 Qb2 27.
Qc1 Qd4+ 28. Kh1 Bxh4 29. gxh4 Qf6 30. Bf3 Bxf3+ 31. Rxf3 Qc6 32. Kg2 Re2+ 33.
Kg3 Qg6+ 34. Kh3 Qg2# 0-1

[Event "Interclubs Adultes"]
[Site "?"]
[Date "2003.10.12"]
[Round "1.4"]
[White "Monneret, Guy"]
[Black "Persyn, Jacques"]
[Result "1-0"]
[WhiteElo "2019"]
[BlackElo "1700"]
[PlyCount "39"]
[EventDate "2003.??.??"]

1. e4 c5 2. Nf3 g6 3. c3 Bg7 4. d4 d5 5. dxc5 Nf6 6. e5 Ng4 7. Bf4 Nc6 8. Bb5
O-O 9. Bxc6 bxc6 10. h3 Nh6 11. Qd2 Nf5 12. g4 Re8 13. gxf5 Bxf5 14. Nd4 Qd7
15. Qe3 f6 16. e6 Qb7 17. b4 Rad8 18. Nxf5 gxf5 19. Bh6 d4 20. Qg3 1-0

[Event "Interclubs Adultes"]
[Site "?"]
[Date "2003.10.12"]
[Round "1.5"]
[White "Malabave, Gabriel"]
[Black "Ivanov, Tsewov-Grisha"]
[Result "0-1"]
[WhiteElo "1700"]
[BlackElo "2010"]
[PlyCount "66"]
[EventDate "2003.??.??"]

1. e4 Nf6 2. e5 Nd5 3. d4 c5 4. c4 Nc7 5. d5 d6 6. f4 e6 7. Nc3 dxe5 8. fxe5
exd5 9. Nf3 d4 10. Ne4 Bg4 11. Be2 Bxf3 12. Bxf3 Nc6 13. Bg5 Qd7 14. Bf4 Ne6
15. Bg3 O-O-O 16. O-O Be7 17. a3 f6 18. Nd6+ Bxd6 19. exd6 Ne5 20. Bd5 Qxd6 21.
b4 Nc7 22. bxc5 Qxc5 23. Bxe5 fxe5 24. Qf3 Nxd5 25. cxd5 Qxd5 26. Rac1+ Kb8 27.
Qg3 a6 28. Rf5 Rde8 29. Re1 d3 30. Rfxe5 Rxe5 31. Rxe5 Qd4+ 32. Kh1 Ka7 33. Re3
d2 0-1

[Event "Interclubs Adultes"]
[Site "?"]
[Date "2003.10.12"]
[Round "1.6"]
[White "Picot, Brice"]
[Black "Abdou Issaka, Boubacar"]
[Result "1/2-1/2"]
[WhiteElo "1890"]
[BlackElo "1670"]
[PlyCount "160"]
[EventDate "2003.??.??"]

1. d4 Nf6 2. Nf3 g6 3. c4 c5 4. Nc3 cxd4 5. Nxd4 d6 6. e4 Bg7 7. Be2 O-O 8. O-O
Qb6 9. Na4 Qc7 10. f3 Bd7 11. Nc3 Qb6 12. Kh1 Nxe4 13. fxe4 Qxd4 14. Nd5 Qxd1
15. Rxd1 Nc6 16. Be3 b6 17. Rab1 Rac8 18. b4 e6 19. b5 exd5 20. bxc6 Bxc6 21.
cxd5 Ba4 22. Rdc1 Rfe8 23. Bd3 Bd7 24. Bf4 Be5 25. Bxe5 dxe5 26. Ba6 Rb8 27.
Rc7 Bc8 28. Rxa7 Bxa6 29. Rxa6 Rec8 30. h3 Rc4 31. Ra7 Rxe4 32. Rf1 f5 33. Rc1
Rd8 34. Rcc7 Rh4 35. d6 Kf8 36. Rf7+ Kg8 37. Rfc7 Kf8 38. Rf7+ Kg8 39. Rg7+ Kh8
40. Rge7 Kg8 41. Rxe5 Re4 42. Rd5 Re6 43. d7 Kf8 44. Rb7 Ke7 45. Rb5 Rxd7 46.
R7xb6 Rxb6 47. Rxb6 Ra7 48. Rb2 Kd6 49. Kh2 Kd5 50. Kg3 g5 51. Rb5+ Ke4 52.
Rb4+ Kd3 53. Rb2 h5 54. Kf3 Kc4 55. g3 Ra3+ 56. Kg2 Kd4 57. Re2 f4 58. gxf4
gxf4 59. Rf2 Rg3+ 60. Kh2 Ke4 61. h4 Rg4 62. Kh3 Ke3 63. Rb2 f3 64. Rb3+ Ke4
65. Rb4+ Kd3 66. Rb3+ Ke2 67. Rb2+ Kd1 68. Rf2 Rf4 69. Kg3 Rg4+ 70. Kxf3 Rxh4
71. Rg2 Ra4 72. Ke3 Kc1 73. Rh2 h4 74. Kf3 Kb1 75. Re2 Ra3+ 76. Kg2 Kc1 77. Kh2
Kd1 78. Rb2 Ke1 79. Rc2 Kf1 80. Rb2 Rg3 1/2-1/2

[Event "Interclubs Adultes"]
[Site "?"]
[Date "2003.10.12"]
[Round "1.7"]
[White "Ter Markossian, Alain"]
[Black "Cellier, Jean-Paul"]
[Result "1/2-1/2"]
[WhiteElo "1640"]
[BlackElo "1800"]
[PlyCount "55"]
[EventDate "2003.??.??"]

1. d4 e6 2. Nf3 d5 3. Bf4 Nf6 4. e3 b6 5. Bd3 Bb7 6. Nbd2 Nbd7 7. Ne5 Bd6 8.
Ndf3 h6 9. O-O O-O 10. c3 c5 11. Re1 Qc7 12. Qe2 c4 13. Bc2 a6 14. g4 Ne4 15.
h4 f5 16. g5 hxg5 17. hxg5 Bxe5 18. Nxe5 Nxe5 19. Bxe5 Qe7 20. f4 Bc6 21. Bxe4
fxe4 22. Qh5 Rf5 23. Kg2 Qf7 24. Rh1 Qxh5 25. Rxh5 Be8 26. Rh4 Bg6 27. Rah1
Rff8 28. Bd6 1/2-1/2

[Event "Interclubs Adultes"]
[Site "?"]
[Date "2003.10.12"]
[Round "1.8"]
[White "Grasset, Didier"]
[Black "Parpillon, Georges"]
[Result "1-0"]
[WhiteElo "1800"]
[BlackElo "1590"]
[PlyCount "113"]
[EventDate "2003.??.??"]

1. e4 e5 2. Nf3 Nc6 3. Bb5 d6 4. d3 Bd7 5. Be3 a6 6. Ba4 Be7 7. c3 Nf6 8. b4 b5
9. Bb3 O-O 10. Nbd2 a5 11. a3 Bg4 12. h3 Bd7 13. O-O Qc8 14. Kh2 Kh8 15. Ng5
Kg8 16. Rb1 axb4 17. axb4 h6 18. Ngf3 Ra3 19. Ra1 Qa6 20. Rxa3 Qxa3 21. Qc1 Ra8
22. Qc2 Be6 23. Rb1 g5 24. Rb2 Qa1 25. Bxe6 fxe6 26. Nb3 Qa4 27. g4 Kg7 28. Qd2
Kg6 29. Qc2 Kf7 30. Bc1 Qa6 31. Qe2 Kg6 32. d4 Re8 33. Qe3 Qb6 34. Qd3 Kg7 35.
Be3 Qb7 36. Nbd2 Rd8 37. Qc2 exd4 38. Bxd4 e5 39. Be3 Nb8 40. Ra2 c5 41. bxc5
dxc5 42. Ng1 Nc6 43. Ne2 c4 44. Ng3 Rd3 45. Nf5+ Kg6 46. Rb2 Qa6 47. Nxc4 bxc4
48. Rb6 Qa8 49. Rxc6 Bf8 50. Rxc4 Rd7 51. Ra4 Qc6 52. Ng3 Qe6 53. Qa2 Qd6 54.
Ra6 Qd1 55. Qe6 Bg7 56. Nh5 Rf7 57. Qf5# 1-0

[Event "Interclubs Adultes"]
[Site "?"]
[Date "2003.11.16"]
[Round "2.1"]
[White "Gabriel, Damien"]
[Black "Guedon, Stephane"]
[Result "0-1"]
[WhiteElo "2089"]
[BlackElo "2209"]
[PlyCount "60"]
[EventDate "2003.??.??"]

1. f4 c5 2. Nf3 Nc6 3. e3 g6 4. Bb5 Bg7 5. Bxc6 dxc6 6. O-O Nf6 7. d3 O-O 8.
Nbd2 Nd5 9. Qe2 Qc7 10. Ne4 b6 11. Kh1 a5 12. Rg1 a4 13. a3 Ba6 14. g4 c4 15.
dxc4 c5 16. Rg3 Rad8 17. Rb1 Qb7 18. g5 f5 19. Nf2 e5 20. Kg1 exf4 21. exf4
Rfe8 22. Ne5 Qc7 23. b3 Nxf4 24. Bxf4 Bxe5 25. Bxe5 Rxe5 26. Re3 Rde8 27. Rxe5
Rxe5 28. Qd2 f4 29. h4 f3 30. Rd1 Re1+ 0-1

[Event "Interclubs Adultes"]
[Site "?"]
[Date "2003.11.16"]
[Round "2.2"]
[White "Sellami, Mohamed"]
[Black "Mercier, Jean-Yves"]
[Result "1-0"]
[WhiteElo "2120"]
[BlackElo "1780"]
[PlyCount "77"]
[EventDate "2003.??.??"]

1. e4 c6 2. d4 d5 3. Nc3 dxe4 4. Nxe4 Nd7 5. Bc4 Ngf6 6. Ng5 e6 7. Qe2 Nb6 8.
Bd3 h6 9. N5f3 c5 10. dxc5 Bxc5 11. Ne5 Nbd7 12. Ngf3 Qc7 13. O-O O-O 14. Bd2
Bd6 15. Nc4 b6 16. Nxd6 Qxd6 17. Rad1 Bb7 18. Bxh6 Qc7 19. Bg5 Ng4 20. Be4 Bxe4
21. Qxe4 Ngf6 22. Qh4 Qxc2 23. Rd2 Qh7 24. Qf4 Nd5 25. Qg3 Nc5 26. Rd4 Ne4 27.
Qe5 Nxg5 28. Nxg5 Qg6 29. Rh4 Rac8 30. Qg3 Qf5 31. Ne4 Rfd8 32. Nd6 Rxd6 33.
Qxd6 Qg5 34. Qg3 Qf5 35. h3 Nf6 36. Re1 Nd5 37. Kh2 Nf6 38. Rf4 Qd5 39. Rxf6
1-0

[Event "Interclubs Adultes"]
[Site "?"]
[Date "2003.11.16"]
[Round "2.3"]
[White "Chapus, Norbert"]
[Black "Lux, Gregory"]
[Result "0-1"]
[WhiteElo "1780"]
[BlackElo "2064"]
[PlyCount "128"]
[EventDate "2003.??.??"]

1. e4 e6 2. Nf3 d5 3. exd5 exd5 4. d4 Bd6 5. Bd3 Ne7 6. O-O O-O 7. Bg5 f6 8.
Bh4 Bf5 9. Bg3 Bxg3 10. hxg3 Nbc6 11. Re1 Qd7 12. Nc3 Rae8 13. Qd2 Bxd3 14.
Qxd3 Nf5 15. a3 Nce7 16. Rad1 c6 17. Re2 Ng6 18. Rde1 Kf7 19. Nd1 Nd6 20. Nd2
Rxe2 21. Rxe2 Re8 22. f3 Rxe2 23. Qxe2 Nf5 24. Qf2 h5 25. c3 Qc7 26. Nf1 Nge7
27. Nde3 Nd6 28. Qe2 a5 29. Kf2 a4 30. Nd1 Qb6 31. Nfe3 Ng6 32. Qc2 Qa7 33. Nf5
Nc4 34. Nde3 Nxe3 35. Nxe3 Qb6 36. Nf5 Ne5 37. Ne3 Qxb2 38. dxe5 Qxa3 39. exf6
g6 40. Ke2 b5 41. g4 hxg4 42. Nxg4 Qd6 43. Kf2 a3 44. Qd2 Qc5+ 45. Kg3 Qa7 46.
Qh6 Qb8+ 47. Kh3 Qg8 48. Qe3 Qh8+ 49. Kg3 Qb8+ 50. Kf2 Qc7 51. Ne5+ Kxf6 52.
Ng4+ Kf7 53. Qg5 Qd6 54. Nh6+ Kf8 55. Ng4 a2 56. Qh6+ Kg8 57. Qc1 Qc5+ 58. Kg3
b4 59. Qf4 Qe7 60. Qc1 Qd6+ 61. Kh3 b3 62. Qe3 a1=Q 63. Qe8+ Kg7 64. Qe3 Qh1+
0-1

[Event "Interclubs Adultes"]
[Site "?"]
[Date "2003.11.16"]
[Round "2.4"]
[White "Ivanov, Tsewov-Grisha"]
[Black "Tourette, Yvan"]
[Result "1-0"]
[WhiteElo "2010"]
[BlackElo "1770"]
[PlyCount "72"]
[EventDate "2003.??.??"]

1. f4 Nf6 2. Nf3 d6 3. c4 Bg4 4. Nc3 c6 5. e4 Nbd7 6. Be2 Bxf3 7. Bxf3 e5 8. d3
Nc5 9. f5 Qb6 10. Rb1 a5 11. Be3 Be7 12. a3 Qb3 13. Qd2 a4 14. Bd1 Qb6 15. Nxa4
Qa6 16. Nxc5 dxc5 17. O-O Rd8 18. Qc3 O-O 19. Be2 Bd6 20. b4 cxb4 21. axb4 Qa2
22. Rb2 Qa4 23. Bb6 Ra8 24. c5 Nd7 25. cxd6 Nxb6 26. Qxe5 Qa3 27. f6 Nd7 28.
Qd4 Nxf6 29. Bd1 Qa7 30. Qxa7 Rxa7 31. Bb3 Nd7 32. d4 Raa8 33. Rbf2 Kh8 34.
Rxf7 Nf6 35. Rxf8+ Rxf8 36. e5 Nd5 1-0